Представление документа в формате MARC21

Поле Инд. ПП Название Значение
Тип записи a
Библиографический уровень b
001 Контрольный номер RU/IS/BASE/441135011
005 Дата корректировки 20200522191631.9
008 Кодируемые данные 20131223
040 b Код языка каталог. rus
e Правила каталог. PSBO
041 0_ a Код языка текста rus
084 a Индекс другой классификации/Индекс ББК 65.291.3; 74.480.4
100 1_ a Автор Вихляева И.
245 10 a Заглавие Методика оценки конкурентоспособности вуза на основе социального партнерства
504 a Библиография Библиогр.
520 a Аннотация В сложившихся условиях социально-экономического развития России вузам необходимо внедрение коммуникационных программ, нацеленных на увеличение конкурентоспособности, улучшение имиджа и обеспечение целевого набора студентов.
650 14 a Основная рубрика высшее образование
a Основная рубрика высшие образовательные учреждения
a Основная рубрика маркетинг
a Основная рубрика образование
a Основная рубрика профессиональное образование
a Основная рубрика экономика
a Основная рубрика экономика предприятия
653 1_ a Ключевые слова конкурентоспособность вуза
a Ключевые слова конкурентоспособность предприятия
a Ключевые слова маркетинговые коммуникации
a Ключевые слова менеджмент (управление предприятием)
a Ключевые слова образовательные услуги
a Ключевые слова оценка конкурентоспособности
a Ключевые слова социальное партнерство
a Ключевые слова стратегическое управление
a Ключевые слова управление вузом
773 08 t Заглавие источника РИСК: ресурсы, информация, снабжение, конкуренция
d Дата издания источника 2012
g Прочая информация № 3. - С. 48 - 50 : рис.
w Контрольный № источника RU/IS/BASE/407439363
901 t Тип документа b